|
|
|
|
| LEADER |
00000nam0a2200000 4500 |
| 001 |
67875 |
| 005 |
20251218124738.0 |
| 035 |
|
|
|a (RuTPU)RU\TPU\book\72270
|
| 090 |
|
|
|a 67875
|
| 100 |
|
|
|a 20040927d1974 m y0rusy50 ca
|
| 101 |
0 |
|
|a rus
|
| 102 |
|
|
|a RU
|
| 105 |
|
|
|a a j 000zy
|
| 200 |
1 |
|
|a Введение в гироскопию
|e лекции
|f В. А. Павлов
|g Ленинградский институт авиационного приборостроения
|
| 210 |
|
|
|a Ленинград
|c Ленинградский институт авиационного приборостроения
|d 1974
|
| 215 |
|
|
|a 88 с.
|c ил.
|
| 610 |
1 |
|
|a гироскопия
|
| 610 |
1 |
|
|a гироскопические приборы
|
| 610 |
1 |
|
|a навигация
|
| 610 |
1 |
|
|a авиационные приборы
|
| 610 |
1 |
|
|a гироскопы направления
|
| 610 |
1 |
|
|a видимый уход
|
| 675 |
|
|
|a 629.735.05(075.8)
|v 3
|
| 700 |
|
1 |
|a Павлов
|b В. А.
|g Всеволод Александрович
|
| 712 |
0 |
2 |
|a Ленинградский институт авиационного приборостроения
|3 (RuTPU)RU\TPU\col\5782
|9 24122
|
| 801 |
|
1 |
|a RU
|b 63413507
|c 20040927
|g PSBO
|
| 801 |
|
2 |
|a RU
|b 63413507
|c 20200703
|g PSBO
|
| 942 |
|
|
|c BK
|